Detalles MARC
| 000 -LEADER |
| fixed length control field |
01582cam a2200385 i 4500 |
| 001 - CONTROL NUMBER |
| control field |
73123 |
| 003 - CONTROL NUMBER IDENTIFIER |
| control field |
Mx-PuUPA |
| 005 - DATE AND TIME OF LATEST TRANSACTION |
| control field |
20251007131148.0 |
| 008 - FIXED-LENGTH DATA ELEMENTS--GENERAL INFORMATION |
| fixed length control field |
251007s1996 sp |||||r|||| 00| e spa d |
| 017 ## - COPYRIGHT OR LEGAL DEPOSIT NUMBER |
| Copyright or legal deposit number |
M-1537-1996 |
| 020 ## - INTERNATIONAL STANDARD BOOK NUMBER |
| International Standard Book Number |
9788479142117 |
| 040 ## - CATALOGING SOURCE |
| Original cataloging agency |
Mx-PuUPA |
| Language of cataloging |
spa |
| Transcribing agency |
Mx-PuUPA |
| Modifying agency |
Mx-PuUPA |
| Description conventions |
rda |
| 041 1# - LANGUAGE CODE |
| Language code of text/sound track or separate title |
spa |
| Language code of original |
fre |
| 100 1# - MAIN ENTRY--PERSONAL NAME |
| Personal name |
Blondel, Maurice, |
| Dates associated with a name |
1861-1949 |
| 9 (RLIN) |
17563 |
| Relator term |
autor |
| 240 10 - UNIFORM TITLE |
| Uniform title |
L'Action (1893). Essai d'une critique de la vie et d'une science de la practique. |
| Language of a work |
Español |
| 245 13 - TITLE STATEMENT |
| Title |
La acción (1893) : |
| Remainder of title |
ensayo de una crítica de la vida y de una ciencia de la práctica / |
| Statement of responsibility, etc. |
Maurice Blondel ; introducción, versión y notas de Juan María Isasi y César Izquierdo |
| 250 ## - EDITION STATEMENT |
| Edition statement |
Primera edición |
| 264 #1 - PRODUCTION, PUBLICATION, DISTRIBUTION, MANUFACTURE, AND COPYRIGHT NOTICE |
| Place of production, publication, distribution, manufacture |
Madrid : |
| Name of producer, publisher, distributor, manufacturer |
Biblioteca de Autores Cristianos, |
| Date of production, publication, distribution, manufacture, or copyright notice |
1996 |
| 300 ## - PHYSICAL DESCRIPTION |
| Extent |
lxxi, 546 páginas ; |
| Dimensions |
20 cm |
| 336 ## - CONTENT TYPE |
| Fuente |
rdacontent |
| Content type term |
texto |
| Content type code |
txt |
| 337 ## - MEDIA TYPE |
| Source |
rdamedia |
| Media type term |
sin medio |
| Media type code |
n |
| 338 ## - CARRIER TYPE |
| Source |
rdacarrier |
| Carrier type term |
volumen |
| Carrier type code |
nc |
| 490 1# - SERIES STATEMENT |
| Series statement |
Biblioteca de Autores Cristianos ; |
| Volume/sequential designation |
557 |
| 650 #7 - SUBJECT ADDED ENTRY--TOPICAL TERM |
| Source of heading or term |
armarc |
| Topical term or geographic name entry element |
Acto (Filosofía) |
| 650 #7 - SUBJECT ADDED ENTRY--TOPICAL TERM |
| Source of heading or term |
armarc |
| Topical term or geographic name entry element |
Humanismo |
| 650 #7 - SUBJECT ADDED ENTRY--TOPICAL TERM |
| Source of heading or term |
armarc |
| Topical term or geographic name entry element |
Ética |
| 650 #7 - SUBJECT ADDED ENTRY--TOPICAL TERM |
| Source of heading or term |
armarc |
| Topical term or geographic name entry element |
Vida |
| 650 #7 - SUBJECT ADDED ENTRY--TOPICAL TERM |
| Source of heading or term |
armarc |
| Topical term or geographic name entry element |
Filosofía francesa |
| Chronological subdivision |
Siglo XIX-XX |
| 765 ## - ORIGINAL LANGUAGE ENTRY |
| Main entry heading |
Blondel, Maurice, 1861-1949 |
| Title |
L'Action (1893). Essai d'une critique de la vie et d'une science de la practique. |
| 830 #0 - SERIES ADDED ENTRY--UNIFORM TITLE |
| Uniform title |
Biblioteca de autores cristianos |
| 9 (RLIN) |
12038 |
| Volume/sequential designation |
557 |
| 942 ## - ADDED ENTRY ELEMENTS (KOHA) |
| Source of classification or shelving scheme |
Dewey Decimal Classification |
| Koha item type |
Libro |
| Classification part |
128.4 |
| Item part |
B65 |